Letter from a nut's family tree / (Record no. 4660)
[ view plain ]
| 000 -LEADER | |
|---|---|
| fixed length control field | 01043nam a22002897a 4500 |
| 001 - CONTROL NUMBER | |
| control field | 4660 |
| 003 - CONTROL NUMBER IDENTIFIER | |
| control field | FISKH |
| 005 - DATE AND TIME OF LATEST TRANSACTION | |
| control field | 20240919105316.0 |
| 008 - FIXED-LENGTH DATA ELEMENTS--GENERAL INFORMATION | |
| fixed length control field | 240919b cb ||||| |||| 00| 0 eng d |
| 020 ## - INTERNATIONAL STANDARD BOOK NUMBER | |
| International Standard Book Number | 9780545488778 |
| 040 ## - CATALOGING SOURCE | |
| Original cataloging agency | FISKH |
| Language of cataloging | eng |
| Transcribing agency | FISKH |
| Modifying agency | FISKH |
| 082 ## - DEWEY DECIMAL CLASSIFICATION NUMBER | |
| Edition number | 817.6 |
| 100 ## - MAIN ENTRY--PERSONAL NAME | |
| Personal name | L.Nancy, Ted |
| 245 ## - TITLE STATEMENT | |
| Title | Letter from a nut's family tree / |
| Statement of responsibility, etc. | Ted L.Nancy |
| 250 ## - EDITION STATEMENT | |
| Edition statement | First printing in 2013 |
| 260 ## - PUBLICATION, DISTRIBUTION, ETC. | |
| Place of publication, distribution, etc. | New York : |
| Name of publisher, distributor, etc. | Scholastic, |
| Date of publication, distribution, etc. | 2013. |
| 300 ## - PHYSICAL DESCRIPTION | |
| Extent | 139 pages : |
| Other physical details | illustrations ; |
| Dimensions | 23cm |
| 505 ## - FORMATTED CONTENTS NOTE | |
| Formatted contents note | R<br/> |
| 520 ## - SUMMARY, ETC. | |
| Summary, etc. | A collection of letters purportedly written by the author's ancestors, from Adam and Eve's crotchety neighbor Larry complaining about their apple crunching through a letter from Funyun T. Nancy II to the Metropolitan Museum of Art alleging that his giraffe looks like Leonardo Da Vinci. |
| 521 8# - TARGET AUDIENCE NOTE | |
| Target audience note | 700L<br/> |
| Source | Lexile<br/> |
| 521 8# - TARGET AUDIENCE NOTE | |
| Target audience note | R<br/> |
| Source | Raz-Plus<br/> |
| 650 ## - SUBJECT ADDED ENTRY--TOPICAL TERM | |
| Source of heading or term | Humor |
| Topical term or geographic name entry element | Mystery |
| 650 ## - SUBJECT ADDED ENTRY--TOPICAL TERM | |
| Source of heading or term | Family |
| Topical term or geographic name entry element | Novel in letters |
| 700 ## - ADDED ENTRY--PERSONAL NAME | |
| Personal name | Marder, Alan |
| Dates associated with a name | Illustrator |
| 942 ## - ADDED ENTRY ELEMENTS (KOHA) | |
| Source of classification or shelving scheme | Dewey Decimal Classification |
| Koha item type | Books |
| Suppress in OPAC | No |
| Withdrawn status | Lost status | Source of classification or shelving scheme | Damaged status | Not for loan | Collection | Home library | Current library | Shelving location | Date acquired | Total Checkouts | Full call number | Barcode | Date last seen | Copy number | Price effective from | Koha item type |
|---|---|---|---|---|---|---|---|---|---|---|---|---|---|---|---|---|
| Dewey Decimal Classification | Fiction | Footprints International School Library Network Toul Kork Campus | Footprints International School Library Network Toul Kork Campus | TTP Primary Orange Bookshelves | 09/19/2024 | NAN 817.6 | 2024-2031 | 09/19/2024 | 1 | 09/19/2024 | Books |
